[Event "Stay Safe Play From Home 246"]
[Site "Emanuel Lasker Arena"]
[Date "2020.06.22"]
[Round "8"]
[White "Haxhi Baha"]
[Black "Timbre"]
[Result "1-0"]
[WhiteElo "1915"]
[BlackElo "1651"]
[Annotator "NA"]
[PlyCount "65"]
[EventDate "2020.06.22"]
[EventType "swiss (blitz)"]

1. e4 {[%emt 0:00:02]} c6 {[%emt 0:00:11]} 2. Nf3 {[%emt 0:00:02]} d5 {[%emt 0:00:01]} 3. Nc3 {[%emt 0:00:00]} Bg4 {[%emt 0:00:03]} 4. h3 {[%emt 0:00:00]} Bxf3 {[%emt 0:00:01]} 5. Qxf3 {[%emt 0:00:00]} dxe4 {[%emt 0:00:01]} 6. Nxe4 {[%emt 0:00:01]} e6 {[%emt 0:00:01]} 7. Bc4 {[%emt 0:00:02]} Be7 {[%emt 0:00:01]} 8. d3 {[%emt 0:00:01]} Nf6 {[%emt 0:00:02]} 9. Nc3 {[%emt 0:00:01]} Nbd7 {[%emt 0:00:02]} 10. Bf4 {[%emt 0:00:02]} Nd5 {[%emt 0:00:05]} 11. Bxd5 {[%emt 0:00:08]} cxd5 {[%emt 0:00:02]} 12. O-O-O {[%emt 0:00:03]} O-O {[%emt 0:00:02]} 13. g4 {[%emt 0:00:01]} Bg5 {[%emt 0:00:04]} 14. Kb1 {[%emt 0:00:01]} Bxf4 {[%emt 0:00:01]} 15. Qxf4 {[%emt 0:00:00]} Qf6 {[%emt 0:00:10]} 16. Qg3 {[%emt 0:00:01]} Rac8 {[%emt 0:00:04]} 17. d4 {[%emt 0:00:01]} Nb6 {[%emt 0:00:02]} 18. f4 {[%emt 0:00:01]} Nc4 {[%emt 0:00:04]} 19. Rd3 {[%emt 0:00:13]} Qe7 {[%emt 0:00:08]} 20. Nd1 {[%emt 0:00:01]} Qb4 {[%emt 0:00:07]} 21. c3 {[%emt 0:00:01]} Qb6 {[%emt 0:00:14]} 22. f5 {[%emt 0:00:06]} exf5 {[%emt 0:00:03]} 23. gxf5 {[%emt 0:00:00]} Na3+ {[%emt 0:00:03]} 24. Kc1 {[%emt 0:00:01]} Nc4 {[%emt 0:00:07]} 25. Rg1 {[%emt 0:00:01]} g6 {[%emt 0:00:02]} 26. h4 {[%emt 0:00:04]} Qf6 {[%emt 0:00:07]} 27. Rf3 {[%emt 0:00:12]} Rce8 {[%emt 0:00:09]} 28. fxg6 {[%emt 0:00:06]} Qxg6 {[%emt 0:00:03]} 29. Qf2 {[%emt 0:00:01]} Re7 {[%emt 0:00:15]} 30. h5 {[%emt 0:00:01]} Qg7 {[%emt 0:00:02]} 31. Rxg7+ {[%emt 0:00:12]} Kxg7 {[%emt 0:00:02]} 32. Rg3+ {[%emt 0:00:00]} Kh8 {[%emt 0:00:02]} 33. Qf6# {[%emt 0:00:01] (Lag: Av=0.74s, max=1.4s)} 1-0

[Event "Stay Safe Play From Home 246"]
[Site "Emanuel Lasker Arena"]
[Date "2020.06.22"]
[Round "8"]
[White "Haris kollari 13"]
[Black "Tustintin"]
[Result "1-0"]
[WhiteElo "1910"]
[BlackElo "1633"]
[Annotator "NA"]
[PlyCount "89"]
[EventDate "2020.06.22"]
[EventType "swiss (blitz)"]

1. e4 {[%emt 0:00:01]} c6 {[%emt 0:00:03]} 2. d4 {[%emt 0:00:01]} d5 {[%emt 0:00:00]} 3. e5 {[%emt 0:00:00]} Bf5 {[%emt 0:00:04]} 4. f4 {[%emt 0:00:01]} e6 {[%emt 0:00:00]} 5. c3 {[%emt 0:00:01]} Be7 {[%emt 0:00:02]} 6. b3 {[%emt 0:00:01]} Nd7 {[%emt 0:00:02]} 7. Nf3 {[%emt 0:00:01]} c5 {[%emt 0:00:02]} 8. Bd3 {[%emt 0:00:02]} cxd4 {[%emt 0:00:03]} 9. Bxf5 {[%emt 0:00:02]} exf5 {[%emt 0:00:01]} 10. cxd4 {[%emt 0:00:01]} g6 {[%emt 0:00:01]} 11. O-O {[%emt 0:00:01]} Bf8 {[%emt 0:00:01]} 12. Be3 {[%emt 0:00:01]} Bg7 {[%emt 0:00:01]} 13. Nc3 {[%emt 0:00:01]} Ne7 {[%emt 0:00:00]} 14. Rc1 {[%emt 0:00:02]} Nc6 {[%emt 0:00:00]} 15. Nb5 {[%emt 0:00:01]} O-O {[%emt 0:00:11]} 16. Nd6 {[%emt 0:00:02]} a6 {[%emt 0:00:12]} 17. Nxb7 {[%emt 0:00:03]} Qb6 {[%emt 0:00:07]} 18. Nd6 {[%emt 0:00:06]} Na7 {[%emt 0:00:02]} 19. Rc2 {[%emt 0:00:06]} Nc8 {[%emt 0:00:01]} 20. Nxc8 {[%emt 0:00:08]} Raxc8 {[%emt 0:00:02]} 21. Qd3 {[%emt 0:00:03]} Rxc2 {[%emt 0:00:03]} 22. Qxc2 {[%emt 0:00:01]} Qa7 {[%emt 0:00:08]} 23. Rc1 {[%emt 0:00:01]} Nb6 {[%emt 0:00:05]} 24. Qc7 {[%emt 0:00:03]} Qxc7 {[%emt 0:00:06]} 25. Rxc7 {[%emt 0:00:01]} Rc8 {[%emt 0:00:02]} 26. Rxc8+ {[%emt 0:00:01]} Nxc8 {[%emt 0:00:01]} 27. Kf2 {[%emt 0:00:00]} Nb6 {[%emt 0:00:01]} 28. Ke2 {[%emt 0:00:01]} f6 {[%emt 0:00:00]} 29. Kd3 {[%emt 0:00:01]} fxe5 {[%emt 0:00:02]} 30. dxe5 {[%emt 0:00:01]} Nd7 {[%emt 0:00:06]} 31. Kd4 {[%emt 0:00:01]} Nb6 {[%emt 0:00:03]} 32. Kc5 {[%emt 0:00:02]} Nd7+ {[%emt 0:00:01]} 33. Kxd5 {[%emt 0:00:01]} a5 {[%emt 0:00:05]} 34. a4 {[%emt 0:00:03]} Bf8 {[%emt 0:00:02]} 35. Bd2 {[%emt 0:00:02]} Bb4 {[%emt 0:00:01]} 36. Bxb4 {[%emt 0:00:01]} axb4 {[%emt 0:00:00]} 37. e6 {[%emt 0:00:06]} Nf6+ {[%emt 0:00:02]} 38. Kc5 {[%emt 0:00:04]} Kf8 {[%emt 0:00:02]} 39. a5 {[%emt 0:00:03]} Ke7 {[%emt 0:00:02]} 40. a6 {[%emt 0:00:01]} Kxe6 {[%emt 0:00:02]} 41. a7 {[%emt 0:00:01]} Nd7+ {[%emt 0:00:00]} 42. Kb5 {[%emt 0:00:03]} Kd6 {[%emt 0:00:07]} 43. a8=Q {[%emt 0:00:01]} Nf8 {[%emt 0:00:08]} 44. Qxf8+ {[%emt 0:00:02]} Kd7 {[%emt 0:00:01]} 45. Ne5+ {[%emt 0:00:01] Tustintin resigns (Lag: Av=0.70s, max=2.1s)} 1-0

[Event "Stay Safe Play From Home 246"]
[Site "Emanuel Lasker Arena"]
[Date "2020.06.22"]
[Round "8"]
[White "Germanicus G"]
[Black "Lazieri3"]
[Result "0-1"]
[WhiteElo "1534"]
[BlackElo "2063"]
[Annotator "NA"]
[PlyCount "100"]
[EventDate "2020.06.22"]
[EventType "swiss (blitz)"]

1. Nf3 {[%emt 0:00:01]} c6 {[%emt 0:00:00]} 2. d4 {[%emt 0:00:02]} d5 {[%emt 0:00:00]} 3. e3 {[%emt 0:00:01]} Nf6 {[%emt 0:00:00]} 4. g3 {[%emt 0:00:01]} Bf5 {[%emt 0:00:01]} 5. Bg2 {[%emt 0:00:01]} Qc8 {[%emt 0:00:00]} 6. O-O {[%emt 0:00:12]} Bh3 {[%emt 0:00:02]} 7. c4 {[%emt 0:00:02]} h5 {[%emt 0:00:01]} 8. cxd5 {[%emt 0:00:16]} h4 {[%emt 0:00:01]} 9. dxc6 {[%emt 0:00:02]} bxc6 {[%emt 0:00:01]} 10. Bxh3 {[%emt 0:00:12]} Qxh3 {[%emt 0:00:05]} 11. Ng5 {[%emt 0:00:01]} Qf5 {[%emt 0:00:02]} 12. f4 {[%emt 0:00:02]} hxg3 {[%emt 0:00:01]} 13. hxg3 {[%emt 0:00:01]} Ne4 {[%emt 0:00:04]} 14. Nxe4 {[%emt 0:00:04]} Qxe4 {[%emt 0:00:04]} 15. Qf3 {[%emt 0:00:01]} Qc2 {[%emt 0:00:02]} 16. Qf2 {[%emt 0:00:08]} Qh7 {[%emt 0:00:01]} 17. Qg2 {[%emt 0:00:04]} e6 {[%emt 0:00:03]} 18. Nc3 {[%emt 0:00:01]} Bd6 {[%emt 0:00:05]} 19. Bd2 {[%emt 0:00:11]} Nd7 {[%emt 0:00:03]} 20. Ne4 {[%emt 0:00:05]} Be7 {[%emt 0:00:13]} 21. Rac1 {[%emt 0:00:07]} Rc8 {[%emt 0:00:03]} 22. a3 {[%emt 0:00:04]} Qf5 {[%emt 0:00:11]} 23. g4 {[%emt 0:00:09]} Qb5 {[%emt 0:00:11]} 24. Bc3 {[%emt 0:00:04]} Nf6 {[%emt 0:00:02]} 25. Nxf6+ {[%emt 0:00:02]} Bxf6 {[%emt 0:00:00]} 26. Bb4 {[%emt 0:00:05]} Qd3 {[%emt 0:00:20]} 27. Rc3 {[%emt 0:00:05]} Qb5 {[%emt 0:00:02]} 28. Rd1 {[%emt 0:00:10]} Be7 {[%emt 0:00:04]} 29. Bxe7 {[%emt 0:00:05]} Kxe7 {[%emt 0:00:00]} 30. Rc5 {[%emt 0:00:03]} Qb3 {[%emt 0:00:06]} 31. Rd2 {[%emt 0:00:01]} Qxe3+ {[%emt 0:00:02]} 32. Qf2 {[%emt 0:00:07]} Qxf2+ {[%emt 0:00:02]} 33. Rxf2 {[%emt 0:00:04]} Rh4 {[%emt 0:00:02]} 34. g5 {[%emt 0:00:01]} f6 {[%emt 0:00:01]} 35. gxf6+ {[%emt 0:00:02]} gxf6 {[%emt 0:00:00]} 36. Kf1 {[%emt 0:00:01]} Kd6 {[%emt 0:00:02]} 37. Ke2 {[%emt 0:00:02]} Rb8 {[%emt 0:00:04]} 38. b4 {[%emt 0:00:03]} Rg8 {[%emt 0:00:03]} 39. Ke3 {[%emt 0:00:02]} Rg3+ {[%emt 0:00:03]} 40. Rf3 {[%emt 0:00:04]} Rxf3+ {[%emt 0:00:01]} 41. Kxf3 {[%emt 0:00:01]} Rh3+ {[%emt 0:00:00]} 42. Kg4 {[%emt 0:00:01]} Rxa3 {[%emt 0:00:00]} 43. Ra5 {[%emt 0:00:01]} Rxa5 {[%emt 0:00:03]} 44. bxa5 {[%emt 0:00:01]} c5 {[%emt 0:00:01]} 45. f5 {[%emt 0:00:02]} cxd4 {[%emt 0:00:03]} 46. fxe6 {[%emt 0:00:02]} Kxe6 {[%emt 0:00:00]} 47. Kf4 {[%emt 0:00:00]} Kd5 {[%emt 0:00:01]} 48. Kf3 {[%emt 0:00:01]} a6 {[%emt 0:00:03]} 49. Ke2 {[%emt 0:00:00]} Kc4 {[%emt 0:00:01]} 50. Kd2 {[%emt 0:00:01]} d3 {[%emt 0:00:00] Zeit (Lag: Av=0.65s, max=0.8s)} 0-1

[Event "Stay Safe Play From Home 246"]
[Site "Emanuel Lasker Arena"]
[Date "2020.06.22"]
[Round "9"]
[White "Neco74"]
[Black "Haxhi Baha"]
[Result "1-0"]
[WhiteElo "2066"]
[BlackElo "1922"]
[Annotator "NA RC"]
[PlyCount "81"]
[EventDate "2020.06.22"]
[EventType "swiss (blitz)"]

1. b3 {[%emt 0:00:02]} Nf6 {[%emt 0:00:05]} 2. Bb2 {[%emt 0:00:00]} d5 {[%emt 0:00:01]} 3. e3 {[%emt 0:00:00]} c5 {[%emt 0:00:01]} 4. Nf3 {[%emt 0:00:02]} Nc6 {[%emt 0:00:01]} 5. Bb5 {[%emt 0:00:01]} Bd7 {[%emt 0:00:01]} 6. Bxc6 {[%emt 0:00:02]} bxc6 {[%emt 0:00:01]} 7. Ne5 {[%emt 0:00:01]} e6 {[%emt 0:00:03]} 8. d3 {[%emt 0:00:04]} Bd6 {[%emt 0:00:01]} 9. Nd2 {[%emt 0:00:06]} a5 {[%emt 0:00:06]} 10. a4 {[%emt 0:00:01]} Rb8 {[%emt 0:00:01]} 11. Rb1 {[%emt 0:00:03]} Qc7 {[%emt 0:00:05]} 12. Nxd7 {[%emt 0:00:02]} Nxd7 {[%emt 0:00:09]} 13. h3 {[%emt 0:00:01]} O-O {[%emt 0:00:05]} 14. Qf3 {[%emt 0:00:03]} e5 {[%emt 0:00:02]} 15. e4 {[%emt 0:00:02]} Nb6 {[%emt 0:00:08]} 16. O-O {[%emt 0:00:02]} Qd7 {[%emt 0:00:03]} 17. Bc3 {[%emt 0:00:01]} Ra8 {[%emt 0:00:03]} 18. Qe2 {[%emt 0:00:05]} d4 {[%emt 0:00:07]} 19. Ba1 {[%emt 0:00:04]} f5 {[%emt 0:00:01]} 20. exf5 {[%emt 0:00:02]} Rxf5 {[%emt 0:00:01]} 21. Ne4 {[%emt 0:00:01]} Nd5 {[%emt 0:00:16]} 22. Bb2 {[%emt 0:00:00]} Nf4 {[%emt 0:00:04]} 23. Qd2 {[%emt 0:00:02]} Raf8 {[%emt 0:00:20]} 24. Bc1 {[%emt 0:00:02]} Be7 {[%emt 0:00:06]} 25. Qxa5 {[%emt 0:00:06]} Rh5 {[%emt 0:00:07]} 26. Bxf4 {[%emt 0:00:03]} exf4 {[%emt 0:00:02]} 27. f3 {[%emt 0:00:12]} Rh6 {[%emt 0:00:13]} 28. Rbe1 {[%emt 0:00:06]} Rg6 {[%emt 0:00:01]} 29. Kh2 {[%emt 0:00:03]} Qf5 {[%emt 0:00:02]} 30. Re2 {[%emt 0:00:08]} h5 {[%emt 0:00:13]} 31. Rfe1 {[%emt 0:00:33]} Bh4 {[%emt 0:00:02]} 32. Rf1 {[%emt 0:00:02]} Be7 {[%emt 0:00:01]} 33. Qc7 {[%emt 0:00:11]} Rf7 {[%emt 0:00:04]} 34. Qb8+ {[%emt 0:00:03]} Kh7 {[%emt 0:00:04]} 35. a5 {[%emt 0:00:02]} Rh6 {[%emt 0:00:08]} 36. a6 {[%emt 0:00:01]} g5 {[%emt 0:00:05]} 37. a7 {[%emt 0:00:02]} g4 {[%emt 0:00:00]} 38. a8=Q {[%emt 0:00:09]} Bf8 {[%emt 0:00:02]} 39. Qe8 {[%emt 0:00:13]} Rg6 {[%emt 0:00:02]} 40. Nxc5 {[%emt 0:00:06]} gxf3 {[%emt 0:00:01]} 41. Rxf3 {[%emt 0:00:01] Time '} 1-0

[Event "Stay Safe Play From Home 246"]
[Site "Emanuel Lasker Arena"]
[Date "2020.06.22"]
[Round "9"]
[White "Dukic"]
[Black "Don59as"]
[Result "0-1"]
[WhiteElo "1802"]
[BlackElo "2024"]
[Annotator "NA"]
[PlyCount "84"]
[EventDate "2020.06.22"]
[EventType "swiss (blitz)"]

1. c4 {[%emt 0:00:04]} e5 {[%emt 0:00:01]} 2. Nc3 {[%emt 0:00:01]} Nc6 {[%emt 0:00:07]} 3. g3 {[%emt 0:00:01]} g6 {[%emt 0:00:00]} 4. Bg2 {[%emt 0:00:01]} Bg7 {[%emt 0:00:00]} 5. Nf3 {[%emt 0:00:01]} Nge7 {[%emt 0:00:01]} 6. d3 {[%emt 0:00:01]} O-O {[%emt 0:00:01]} 7. Be3 {[%emt 0:00:02]} d6 {[%emt 0:00:01]} 8. Qc1 {[%emt 0:00:02]} Nf5 {[%emt 0:00:01]} 9. Bd2 {[%emt 0:00:02]} Re8 {[%emt 0:00:04]} 10. h4 {[%emt 0:00:02]} Ncd4 {[%emt 0:00:04]} 11. Ng5 {[%emt 0:00:06]} h6 {[%emt 0:00:10]} 12. Nge4 {[%emt 0:00:01]} Kh7 {[%emt 0:00:04]} 13. e3 {[%emt 0:00:07]} Ne6 {[%emt 0:00:07]} 14. Qd1 {[%emt 0:00:03]} c6 {[%emt 0:00:02]} 15. h5 {[%emt 0:00:07]} g5 {[%emt 0:00:02]} 16. Bh3 {[%emt 0:00:05]} Nc5 {[%emt 0:00:03]} 17. Qe2 {[%emt 0:00:08]} Be6 {[%emt 0:00:07]} 18. O-O-O {[%emt 0:00:04]} b6 {[%emt 0:00:09]} 19. Kb1 {[%emt 0:00:03]} Ne7 {[%emt 0:00:05]} 20. Bxe6 {[%emt 0:00:04]} Nxe6 {[%emt 0:00:01]} 21. Bc1 {[%emt 0:00:02]} f5 {[%emt 0:00:02]} 22. Nd2 {[%emt 0:00:02]} d5 {[%emt 0:00:01]} 23. g4 {[%emt 0:00:04]} d4 {[%emt 0:00:04]} 24. exd4 {[%emt 0:00:02]} Nxd4 {[%emt 0:00:01]} 25. Qe3 {[%emt 0:00:04]} fxg4 {[%emt 0:00:16]} 26. Qe4+ {[%emt 0:00:01]} Kh8 {[%emt 0:00:02]} 27. Qxg4 {[%emt 0:00:02]} Qc8 {[%emt 0:00:02]} 28. Qg2 {[%emt 0:00:03]} Qf5 {[%emt 0:00:02]} 29. Nde4 {[%emt 0:00:02]} Rad8 {[%emt 0:00:03]} 30. Rh3 {[%emt 0:00:10]} Qf7 {[%emt 0:00:05]} 31. Ne2 {[%emt 0:00:05]} b5 {[%emt 0:00:01]} 32. Nxd4 {[%emt 0:00:01]} Rxd4 {[%emt 0:00:01]} 33. cxb5 {[%emt 0:00:03]} cxb5 {[%emt 0:00:01]} 34. Re3 {[%emt 0:00:06]} Nf5 {[%emt 0:00:01]} 35. Rf3 {[%emt 0:00:02]} Qxh5 {[%emt 0:00:04]} 36. Rxf5 {[%emt 0:00:02]} Qxd1 {[%emt 0:00:01]} 37. Rf7 {[%emt 0:00:05]} Qxd3+ {[%emt 0:00:02]} 38. Ka1 {[%emt 0:00:02]} Rc8 {[%emt 0:00:05]} 39. Nc3 {[%emt 0:00:05]} Rxc3 {[%emt 0:00:03]} 40. bxc3 {[%emt 0:00:02]} Qxc3+ {[%emt 0:00:01]} 41. Kb1 {[%emt 0:00:02]} Rb4+ {[%emt 0:00:01]} 42. Bb2 {[%emt 0:00:04]} Qxb2# {[%emt 0:00:01] (Lag: Av=0.53s, max=0.7s)} 0-1

[Event "Stay Safe Play From Home 246"]
[Site "Emanuel Lasker Arena"]
[Date "2020.06.22"]
[Round "9"]
[White "Timbre"]
[Black "haris kollari 13"]
[Result "1-0"]
[WhiteElo "1645"]
[BlackElo "1916"]
[Annotator "NA"]
[PlyCount "75"]
[EventDate "2020.06.22"]
[EventType "swiss (blitz)"]

1. d4 {[%emt 0:00:02]} e6 {[%emt 0:00:01]} 2. Nf3 {[%emt 0:00:01]} d5 {[%emt 0:00:01]} 3. c3 {[%emt 0:00:01]} c5 {[%emt 0:00:01]} 4. Bf4 {[%emt 0:00:01]} Nc6 {[%emt 0:00:01]} 5. e3 {[%emt 0:00:01]} f5 {[%emt 0:00:02]} 6. Be2 {[%emt 0:00:02]} Nf6 {[%emt 0:00:01]} 7. Nbd2 {[%emt 0:00:01]} h6 {[%emt 0:00:04]} 8. Ne5 {[%emt 0:00:02]} g5 {[%emt 0:00:05]} 9. Bg3 {[%emt 0:00:05]} Bd6 {[%emt 0:00:05]} 10. Nxc6 {[%emt 0:00:06]} bxc6 {[%emt 0:00:02]} 11. Bxd6 {[%emt 0:00:02]} Qxd6 {[%emt 0:00:02]} 12. f3 {[%emt 0:00:04]} c4 {[%emt 0:00:04]} 13. Qc2 {[%emt 0:00:05]} O-O {[%emt 0:00:02]} 14. O-O {[%emt 0:00:03]} a5 {[%emt 0:00:01]} 15. e4 {[%emt 0:00:02]} fxe4 {[%emt 0:00:06]} 16. fxe4 {[%emt 0:00:02]} Nd7 {[%emt 0:00:09]} 17. e5 {[%emt 0:00:05]} Qe7 {[%emt 0:00:06]} 18. Nf3 {[%emt 0:00:03]} Kg7 {[%emt 0:00:09]} 19. h3 {[%emt 0:00:03]} Bb7 {[%emt 0:00:02]} 20. Nh2 {[%emt 0:00:03]} Rxf1+ {[%emt 0:00:03]} 21. Rxf1 {[%emt 0:00:03]} Rf8 {[%emt 0:00:00]} 22. Rxf8 {[%emt 0:00:03]} Qxf8 {[%emt 0:00:01]} 23. Bg4 {[%emt 0:00:05]} Qf7 {[%emt 0:00:04]} 24. Qe2 {[%emt 0:00:03]} Bc8 {[%emt 0:00:04]} 25. Bh5 {[%emt 0:00:04]} Qf5 {[%emt 0:00:01]} 26. Ng4 {[%emt 0:00:08]} c5 {[%emt 0:00:04]} 27. a3 {[%emt 0:00:03]} cxd4 {[%emt 0:00:01]} 28. cxd4 {[%emt 0:00:02]} Qd3 {[%emt 0:00:21]} 29. Qf2 {[%emt 0:00:07]} Qf5 {[%emt 0:00:03]} 30. Qd2 {[%emt 0:00:03]} Qf4 {[%emt 0:00:13]} 31. Qxa5 {[%emt 0:00:04]} Qxd4+ {[%emt 0:00:02]} 32. Kh1 {[%emt 0:00:04]} Qb6 {[%emt 0:00:11]} 33. Qa8 {[%emt 0:00:12]} Qb7 {[%emt 0:00:06]} 34. Qa5 {[%emt 0:00:04]} Nb6 {[%emt 0:00:14]} 35. Qc5 {[%emt 0:00:16]} Na4 {[%emt 0:00:10]} 36. Qd6 {[%emt 0:00:14]} Nxb2 {[%emt 0:00:10]} 37. Nf6 {[%emt 0:00:02]} c3 {[%emt 0:00:04]} 38. Qd8 {[%emt 0:00:07] Time (Lag: Av=0.33s, max=0.8s) '} 1-0

[Event "Stay Safe Play From Home 246"]
[Site "Emanuel Lasker Arena"]
[Date "2020.06.22"]
[Round "9"]
[White "Germanicus G"]
[Black "Mepe_Nika"]
[Result "0-1"]
[WhiteElo "1533"]
[BlackElo "2323"]
[PlyCount "112"]
[EventDate "2020.06.22"]
[EventType "swiss (blitz)"]

1. Nf3 {[%emt 0:00:46]} d5 {[%emt 0:00:04]} 2. e3 {[%emt 0:00:01]} Nf6 {[%emt 0:00:02]} 3. d4 {[%emt 0:00:00]} c6 {[%emt 0:00:04]} 4. g3 {[%emt 0:00:00]} Bf5 {[%emt 0:00:05]} 5. Bg2 {[%emt 0:00:01]} e6 {[%emt 0:00:07]} 6. Nbd2 {[%emt 0:00:02]} h6 {[%emt 0:00:03]} 7. c4 {[%emt 0:00:01]} Be7 {[%emt 0:00:01]} 8. O-O {[%emt 0:00:03]} O-O {[%emt 0:00:00]} 9. Qb3 {[%emt 0:00:01]} Qb6 {[%emt 0:00:02]} 10. c5 {[%emt 0:00:02]} Qxb3 {[%emt 0:00:03]} 11. Nxb3 {[%emt 0:00:01]} b6 {[%emt 0:00:04]} 12. cxb6 {[%emt 0:00:07]} axb6 {[%emt 0:00:02]} 13. Bd2 {[%emt 0:00:02]} Nbd7 {[%emt 0:00:02]} 14. Rfc1 {[%emt 0:00:02]} c5 {[%emt 0:00:02]} 15. a3 {[%emt 0:00:07]} c4 {[%emt 0:00:04]} 16. Rc3 {[%emt 0:00:19]} cxb3 {[%emt 0:00:04]} 17. Rxb3 {[%emt 0:00:01]} Rfc8 {[%emt 0:00:05]} 18. Nh4 {[%emt 0:00:02]} Bc2 {[%emt 0:00:01]} 19. Rc3 {[%emt 0:00:03]} Ne4 {[%emt 0:00:02]} 20. Bxe4 {[%emt 0:00:03]} Bxe4 {[%emt 0:00:00]} 21. f3 {[%emt 0:00:02]} Bxh4 {[%emt 0:00:03]} 22. fxe4 {[%emt 0:00:01]} Bg5 {[%emt 0:00:01]} 23. e5 {[%emt 0:00:02]} Rxc3 {[%emt 0:00:02]} 24. bxc3 {[%emt 0:00:01]} Be7 {[%emt 0:00:03]} 25. a4 {[%emt 0:00:02]} f6 {[%emt 0:00:04]} 26. exf6 {[%emt 0:00:04]} Nxf6 {[%emt 0:00:00]} 27. Kf2 {[%emt 0:00:06]} Ne4+ {[%emt 0:00:01]} 28. Ke2 {[%emt 0:00:01]} b5 {[%emt 0:00:04]} 29. a5 {[%emt 0:00:02]} b4 {[%emt 0:00:01]} 30. cxb4 {[%emt 0:00:01]} Nxd2 {[%emt 0:00:01]} 31. Kxd2 {[%emt 0:00:01]} Bxb4+ {[%emt 0:00:00]} 32. Kd3 {[%emt 0:00:01]} Rxa5 {[%emt 0:00:00]} 33. Rb1 {[%emt 0:00:02]} Ra3+ {[%emt 0:00:01]} 34. Ke2 {[%emt 0:00:02]} Be7 {[%emt 0:00:02]} 35. Rb7 {[%emt 0:00:02]} Kf7 {[%emt 0:00:01]} 36. h4 {[%emt 0:00:02]} h5 {[%emt 0:00:01]} 37. Kf3 {[%emt 0:00:01]} Kf6 {[%emt 0:00:01]} 38. Kf4 {[%emt 0:00:01]} Bd6+ {[%emt 0:00:01]} 39. Kf3 {[%emt 0:00:01]} g5 {[%emt 0:00:07]} 40. hxg5+ {[%emt 0:00:03]} Kxg5 {[%emt 0:00:00]} 41. Rb6 {[%emt 0:00:02]} Bxg3 {[%emt 0:00:05]} 42. Rxe6 {[%emt 0:00:03]} Bf4 {[%emt 0:00:10]} 43. Re8 {[%emt 0:00:06]} Rxe3+ {[%emt 0:00:01]} 44. Rxe3 {[%emt 0:00:02]} Bxe3 {[%emt 0:00:00]} 45. Kxe3 {[%emt 0:00:01]} Kg4 {[%emt 0:00:00]} 46. Kf2 {[%emt 0:00:03]} Kf4 {[%emt 0:00:00]} 47. Kg2 {[%emt 0:00:01]} Ke4 {[%emt 0:00:01]} 48. Kh3 {[%emt 0:00:00]} Kxd4 {[%emt 0:00:00]} 49. Kh4 {[%emt 0:00:01]} Ke4 {[%emt 0:00:01]} 50. Kxh5 {[%emt 0:00:00]} d4 {[%emt 0:00:00]} 51. Kg4 {[%emt 0:00:01]} d3 {[%emt 0:00:00]} 52. Kg3 {[%emt 0:00:00]} d2 {[%emt 0:00:01]} 53. Kg4 {[%emt 0:00:00]} d1=Q+ {[%emt 0:00:01]} 54. Kg5 {[%emt 0:00:00]} Qd6 {[%emt 0:00:01]} 55. Kg4 {[%emt 0:00:01]} Qg6+ {[%emt 0:00:01]} 56. Kh3 {[%emt 0:00:02]} Kf3 {[%emt 0:00:00] Germanicus G gibt auf (Lag: Av=0.36s, max=0.7s)} 0-1